000 00420nam a22001217a 4500
003 SGT
082 _a200
_bH94M
100 _aमित्तल, नैमिशरण
245 _aहिन्दू तथा बौद्ध धर्म : समान आधार
260 _bविश्व बौद्ध सांस्कृतिक प्रतिष्ठान
_c1994
300 _a169
942 _2ddc
_cBK
999 _c31681
_d31681